| 000 | 00498cam a22002171 4500 | ||
|---|---|---|---|
| 001 | sa 65003701 | ||
| 003 | DLC | ||
| 005 | 20260227112125.0 | ||
| 008 | 891227s1964 ii 000 0 pano | ||
| 010 | _asa 65003701 | ||
| 035 | _a(OCoLC)20821709 | ||
| 040 |
_aDLC _cWaU _dDLC |
||
| 042 | _apremarc | ||
| 050 | 0 | 0 |
_aPK2659.S459 _bA7 |
| 100 | 1 |
_aSingh, Gopal, _d1917- |
|
| 245 | 1 | 0 | _aAnahada nāda. |
| 260 | _c[1964] | ||
| 300 |
_a101 p. _c22 cm. |
||
| 500 | _aIn Panjabi. | ||
| 500 | _aPoems. | ||
| 999 |
_c63292 _d63292 |
||